<?xml version="1.0" encoding="UTF-8"?>
<collection xmlns="http://www.loc.gov/MARC21/slim">
<record>
  <controlfield tag="001">3025</controlfield>
  <controlfield tag="005">20170117102852.0</controlfield>
  <datafield tag="037" ind1=" " ind2=" ">
    <subfield code="a">SEMIN-2017-0002</subfield>
  </datafield>
  <datafield tag="100" ind1=" " ind2=" ">
    <subfield code="a">Kraaikamp, Emil</subfield>
  </datafield>
  <datafield tag="245" ind1=" " ind2=" ">
    <subfield code="a">Virtual machines and data processing in the Solar Orbiter EUI Data Centre</subfield>
  </datafield>
  <datafield tag="260" ind1=" " ind2=" ">
    <subfield code="c">2016</subfield>
  </datafield>
  <datafield tag="269" ind1=" " ind2=" ">
    <subfield code="c">2016-06-17</subfield>
  </datafield>
  <datafield tag="520" ind1=" " ind2=" ">
    <subfield code="a">Solar Orbiter is an ESA mission to explore the Sun and surrounding space using a variety of in-situ and remote sensing instruments. One of the remote sensing instruments is the Extreme Ultraviolet Imager, that will image both the full Sun, using the full sun imager (FSI) telescope, and with two high resolution imager (HRI) telescopes. The main tasks of the EUI data center (hosted at ROB) are to command the EUI telescopes and to perform data processing, both for science data as well as for low latency data. In this talk I will describe the virtual machines that are used to automatically process low latency data arriving daily from the EUI instrument. These virtual machines will be running both at ROB and at ESAC (Madrid).</subfield>
  </datafield>
  <datafield tag="594" ind1=" " ind2=" ">
    <subfield code="a">NO</subfield>
  </datafield>
  <datafield tag="653" ind1="1" ind2=" ">
    <subfield code="a">Solar Orbiter</subfield>
  </datafield>
  <datafield tag="653" ind1="1" ind2=" ">
    <subfield code="a">EUI Data Centre</subfield>
  </datafield>
  <datafield tag="773" ind1=" " ind2=" ">
    <subfield code="t">ROB</subfield>
  </datafield>
  <datafield tag="856" ind1="0" ind2=" ">
    <subfield code="f">emil.kraaikamp@observatoire.be</subfield>
  </datafield>
  <datafield tag="980" ind1=" " ind2=" ">
    <subfield code="a">SEMIN</subfield>
  </datafield>
</record>
</collection>